Statistics for Countries with the Most Forest A-Z

Click here to take the quiz!

General Stats

  • This quiz has been taken 45,191 times
    (13,495 since last reset)
  • The average score is 17 of 23

Answer Stats

km²Country% Correct
B4,394,651Brazil
96%
R9,371,865Russia
95%
U2,928,204United States
93%
C4,354,858Canada
92%
Q108Qatar
89%
O448Oman
88%
Y4,718Yemen
88%
Z471,548Zambia
86%
I1,179,300Indonesia
83%
V511,990Venezuela
83%
J250,834Japan
80%
F224,051Finland
79%
A767,979Australia
75%
K103,295Kazakhstan
68%
P823,100Peru
67%
H77,828Honduras
66%
E251,483Ethiopia
63%
M725,556Mexico
62%
L107,462Laos
60%
S276,352Sweden
57%
N218,379Nigeria
55%
T375,560Tanzania
51%
G236,476Gabon
41%

Score Distribution

Percentile by Number Answered

Percent of People with Each Score

Your Score History

You have not taken this quiz since the last reset